Statistics for Closest Cities to Canada

Click here to take the quiz!

General Stats

  • This quiz has been taken 34 times
  • The average score is 9 of 15

Answer Stats

MilesCityKm% Correct
70Seattle112
100%
0Detroit0
90%
0Buffalo0
87%
197Portland317
77%
51Cleveland82
74%
185Boston297
71%
52Rochester84
68%
120Columbus193
61%
145Pittsburgh234
58%
139Grand Rapids223
55%
88Tacoma142
55%
93Spokane149
52%
202Cincinnati326
42%
35Toledo57
42%
124Fort Wayne200
16%

Score Distribution

Percentile by Number Answered

Percent of People with Each Score

Your Score History

You have not taken this quiz